Electron microscopy: A handbook for biologists (Record no. 19907)
[ view plain ]
| 000 -LEADER | |
|---|---|
| fixed length control field | 00463nam a2200181Ia 4500 |
| 082 ## - DEWEY DECIMAL CLASSIFICATION NUMBER | |
| Classification number | 57.086.3(035) |
| Item number | MER |
| 100 ## - MAIN ENTRY--AUTHOR NAME | |
| Personal name | BIRBECK, M S C |
| 245 #0 - TITLE STATEMENT | |
| Title | Electron microscopy: A handbook for biologists |
| 260 ## - PUBLICATION, DISTRIBUTION, ETC. (IMPRINT) | |
| Place of publication | Oxford |
| Name of publisher | Blackwell |
| Year of publication | 1961 |
| 650 ## - SUBJECT ADDED ENTRY--TOPICAL TERM | |
| Topical Term | Electron microscopy |
| 650 ## - SUBJECT ADDED ENTRY--TOPICAL TERM | |
| Topical Term | Embedding |
| 650 ## - SUBJECT ADDED ENTRY--TOPICAL TERM | |
| Topical Term | Fixation |
| 650 ## - SUBJECT ADDED ENTRY--TOPICAL TERM | |
| Topical Term | Microtomy |
| 650 ## - SUBJECT ADDED ENTRY--TOPICAL TERM | |
| Topical Term | Staining |
| 700 ## - ADDED ENTRY--PERSONAL NAME | |
| Personal name | MERCER, E H |
| 942 ## - ADDED ENTRY ELEMENTS (KOHA) | |
| Koha item type | Books |
| Withdrawn status | Lost status | Damaged status | Not for loan | Home library | Current library | Date acquired | Full call number | Accession Number | Koha item type |
|---|---|---|---|---|---|---|---|---|---|
| RRII Library | RRII Library | 16/12/2021 | 57.086.3(035) MER | 00635 | Books |